000 00741cam a22002294a 4500
020 _a9780073104447 (v. 1 : acidfree paper)
020 _a0073104442 (v. 1 : acidfree paper)
020 _a9780077214241 (v. 2 : acidfree paper)
020 _a0077214242 (v. 2 : acidfree paper)
020 _a9780077214227 (v. 3 : acidfree paper)
020 _a0077214226 (v. 3 : acidfree paper)
050 0 0 _aPN45
_b.D457 2009
100 1 _aDelbanco, Nicholas.
245 1 0 _aLiterature Poetry
_bcraft and voice /
_cNicholas Delbanco, Alan Cheuse.
250 _a1st ed.
260 _aBoston :
_bMcGraw-Hill,
_cc2010.
300 _a3 v. :
500 _aIncludes index.
500 _a3 vols. planned.
700 1 _aCheuse, Alan.
942 _2lcc
_cGEN
999 _c10866
_d10866